USA 40K Cities on a Map: Utah - Statistics

General Stats
  • This quiz has been taken 9 times
  • The average score is 13 of 21
Answers on the Map
Answers color-coded by a green-red scale on the quiz's map according to % correct below.
 
Answer Stats
Answer % Correct
Ogden
100%
Salt Lake City
100%
Provo
86%
St. George
86%
West Jordan
86%
West Valley City
86%
Layton
71%
Lehi
71%
Orem
71%
Sandy
71%
South Jordan
71%
Herriman
57%
Logan
57%
Draper
43%
Eagle Mountain
43%
Murray
43%
Spanish Fork
43%
Taylorsville
43%
Bountiful
29%
Millcreek
29%
Riverton
29%
No matching quizzes found
Score Distribution
Percent of People with Each Score
Percentile by Number Answered
Your Score History
You have not taken this quiz